000 00333nam a2200145 i 4500
001 bg
100 1 _aPOGORZELSKI, Witold
245 0 _aGeometria analityczna /
_cWitold Pogorzelski.
250 _aWyd.5.
260 _aWarszawa,
_c1959.
040 _cBPK
041 _apol
942 _cKS
008 s pl f |000 0 pol
999 _c7220
_d7220
856 _uhttp://koha.tu.koszalin.pl/cgi-bin/koha/opac-detail.pl?biblionumber=7220
_yKatalog online BPK